<?xml version="1.0" encoding="UTF-8"?>
<record
    xmlns:xsi="http://www.w3.org/2001/XMLSchema-instance"
    xsi:schemaLocation="http://www.loc.gov/MARC21/slim http://www.loc.gov/standards/marcxml/schema/MARC21slim.xsd"
    xmlns="http://www.loc.gov/MARC21/slim">

  <leader>00915nam a2200217 i 4500</leader>
  <controlfield tag="001">40506</controlfield>
  <controlfield tag="003">ES-MaACL</controlfield>
  <controlfield tag="005">20250727024553.0</controlfield>
  <controlfield tag="007">t|</controlfield>
  <controlfield tag="008">030306s1943    sp           |||| | spa d</controlfield>
  <datafield tag="100" ind1="1" ind2=" ">
    <subfield code="a">Caro Baroja, Julio,</subfield>
    <subfield code="d">1914-1995</subfield>
    <subfield code="9">35403</subfield>
  </datafield>
  <datafield tag="245" ind1="1" ind2="4">
    <subfield code="a">Los pueblos del Norte de la Pen&#xED;nsula Ib&#xE9;rica </subfield>
    <subfield code="b">: (an&#xE1;lisis hist&#xF3;rico cultural) / </subfield>
    <subfield code="c">Julio Caro Baroja.</subfield>
  </datafield>
  <datafield tag="260" ind1=" " ind2=" ">
    <subfield code="a">Madrid : </subfield>
    <subfield code="b">C.S.I.C., </subfield>
    <subfield code="c">1943 (</subfield>
    <subfield code="e">Burgos : </subfield>
    <subfield code="f">Imp. Aldecoa)</subfield>
  </datafield>
  <datafield tag="300" ind1=" " ind2=" ">
    <subfield code="a">241 p., grab., 1 map. pleg. ; </subfield>
    <subfield code="c">25 cm.</subfield>
  </datafield>
  <datafield tag="500" ind1=" " ind2=" ">
    <subfield code="a">Precede al t&#xED;t.: Consejo Superior de Investigaciones Cient&#xED;ficas, Patronato Men&#xE9;ndez Pelayo, "Instituto Bernardino de Sahag&#xFA;n"</subfield>
  </datafield>
  <datafield tag="650" ind1=" " ind2="4">
    <subfield code="a">Antropolog&#xED;a cultural y social-</subfield>
    <subfield code="z">Espa&#xF1;a</subfield>
    <subfield code="9">9873</subfield>
  </datafield>
  <datafield tag="710" ind1="2" ind2=" ">
    <subfield code="a">Patronato "Marcelino Men&#xE9;ndez Pelayo"</subfield>
    <subfield code="9">6189</subfield>
  </datafield>
  <datafield tag="710" ind1="2" ind2=" ">
    <subfield code="a">Instituto Bernardino de Sahag&#xFA;n de Antropolog&#xED;a y Etnolog&#xED;a.</subfield>
    <subfield code="9">4800</subfield>
  </datafield>
  <datafield tag="852" ind1=" " ind2=" ">
    <subfield code="a">ES-MaACL</subfield>
    <subfield code="j">F-16220</subfield>
  </datafield>
  <datafield tag="999" ind1=" " ind2=" ">
    <subfield code="c">40506</subfield>
    <subfield code="d">40506</subfield>
  </datafield>
  <datafield tag="952" ind1=" " ind2=" ">
    <subfield code="0">0</subfield>
    <subfield code="1">0</subfield>
    <subfield code="4">0</subfield>
    <subfield code="7">0</subfield>
    <subfield code="a">ATENEOM</subfield>
    <subfield code="b">ATENEOM</subfield>
    <subfield code="c">SPP2</subfield>
    <subfield code="d">2008-01-17</subfield>
    <subfield code="e">SC</subfield>
    <subfield code="l">0</subfield>
    <subfield code="o">F-16220</subfield>
    <subfield code="p">1042643</subfield>
    <subfield code="r">2023-02-23 00:00:00</subfield>
    <subfield code="w">2023-02-23</subfield>
    <subfield code="y">MONOGRAFIA</subfield>
  </datafield>
</record>
